000 00314nam a2200133Ia 4500
008 230917s9999||||xx |||||||||||||| ||und||
040 _e160654
_aMAIN
041 _aEnglish
082 _a821.8 Y34S:T
100 _aSatya Pal Singh
245 0 _aTheme of love in Yeats's poetry
300 _a109 p.
942 _cTH
999 _c211040
_d211040